000 00680nam a22001817a 4500
005 20260515141842.0
010 _aENG-148486
020 _a9789371367417
_c899.00
035 _aEN-132018
037 _bDBAD
082 _a000
245 _aCracking Campus Placements Verbal Ability & Reasoning :
_bThe Verbal Intelligence Crafter /
250 _a1st
260 _aNoida, Uttar Pradesh
_bPearson India Education Services Pvt. Ltd
_c2026
270 _a1st Floor, Berger Tower, Plot No. C-001A /2, Sector 16B,
_bNoida, Uttar Pradesh
_e201301
_k044-66540100
_mcompanysecretary.india@pearson.com
300 _avarious pages
_c26cm(pbk)
942 _2ddc
_cEN
_h000
_mVER
999 _c216221
_d216221